000 00328nam a2200133Ia 4500
008 241014s9999||||xx |||||||||||||| ||und||
020 _a81-312-1566-1
060 _aQT 104 K 2008
100 _aKhurana, Indu
245 0 _aEssentials of Medical Physiology
260 _bElsevier
_c2008
650 _aPhysiology
942 _bDIMC
_cBK
999 _c9909
_d9909